Historia de Costa Rica (Record no. 310)

MARC details
000 -LEADER
campo de control de longitud fija 01176nam a22001817a 4500
008 - DATOS DE LONGITUD FIJA--INFORMACIÓN GENERAL
campo de control de longitud fija 140829b xxu||||| |||| 00| 0 eng d
020 ## - NÚMERO INTERNACIONAL ESTÁNDAR DEL LIBRO
Número Internacional Estándar del Libro 9977674116
082 ## - NÚMERO DE LA CLASIFICACIÓN DECIMAL DEWEY
Número de clasificación 972.86
Número de ítem M722h
100 ## - ENTRADA PRINCIPAL--NOMBRE DE PERSONA
Nombre de persona Molina, Ivan y Palmer, Steven
9 (RLIN) 1463
110 ## - ENTRADA PRINCIPAL--NOMBRE DE ENTIDAD CORPORATIVA
Nombre de entidad corporativa o nombre de jurisdicción como elemento de entrada Universidad de Costa Rica
9 (RLIN) 1464
245 ## - MENCIÓN DEL TÍTULO
Título Historia de Costa Rica
Resto del título Breve, actualizada y con ilustraciones
Mención de responsabilidad, etc. Iván Molina y Steven Palmer
260 ## - PUBLICACIÓN, DISTRIBUCIÓN, ETC.
Lugar de publicación, distribución, etc. San José
Nombre del editor, distribuidor, etc. Editorial de Costa Rica
Fecha de publicación, distribución, etc. 2002
300 ## - DESCRIPCIÓN FÍSICA
Extensión 148 p
Otras características físicas ill. col.
Dimensiones 21 cm
505 ## - NOTA DE CONTENIDO CON FORMATO
Título Del paseo al pasado. Tras los pasos de los Cazadores (12000 a.c.-1500 d.c.). Caciscazgos y señorios (1500-1570). Conquista y Resistencia (1502-1570). Encomienda y Esclavitud (1570-1750). Comerciantes y Campesinos (1750-1850). Café, Capitalismo y Estado Liberal (1850-1890). Diversificación Económica y Conflicto Social (1890-1930).Depresión, Reformas sociales y Guerra civil (1930-1950). La edad de oro de la clase media (19750 - 1978). Crisis, Ajuste Estructural y Contrarreforma social (1978 -1995). La excepcionalidad de Costa Rica.
650 ## - PUNTO DE ACCESO ADICIONAL DE MATERIA--TÉRMINO DE MATERIA
Término de materia o nombre geográfico como elemento de entrada Historia de Costa Rica
Subdivisión general sociedad y cultura
9 (RLIN) 1465
655 ## - TERMINO DE INDIZACIÓN--GENERO/FORMA
Datos o término principal de género/forma sociologia
9 (RLIN) 1400
700 ## - ENTRADA AGREGADA--NOMBRE PERSONAL
Nombre de persona Iván Molina y Steven Palmer
9 (RLIN) 1466
Holdings
Estatus retirado Estado de pérdida Fuente del sistema de clasificación o colocación Estado de daño No para préstamo Biblioteca de origen Biblioteca actual Ubicación en estantería Fecha de adquisición Total de préstamos Signatura topográfica completa Código de barras Visto por última vez Precio de reemplazo Tipo de ítem Koha
    Clasificación Decimal Dewey     Biblioteca LadoV Biblioteca LadoV   29/08/2014   972.86 M722h 000345 29/08/2014 29/08/2014 Material 01